An abundance of Katherines / (Record no. 17468)
[ view plain ]
| 000 -LEADER | |
|---|---|
| fixed length control field | 00525nam a2200169 4500 |
| 008 - FIXED-LENGTH DATA ELEMENTS--GENERAL INFORMATION | |
| fixed length control field | 221021b ||||| |||| 00| 0 eng d |
| 020 ## - INTERNATIONAL STANDARD BOOK NUMBER | |
| International Standard Book Number | 9780142410707 |
| 082 ## - DEWEY DECIMAL CLASSIFICATION NUMBER | |
| Edition number | 2019 |
| Classification number | DFic |
| Item number | G820 |
| 100 ## - MAIN ENTRY--PERSONAL NAME | |
| Personal name | Green, John. |
| 9 (RLIN) | 46449 |
| 245 ## - TITLE STATEMENT | |
| Title | An abundance of Katherines / |
| Statement of responsibility, etc. | John Green. |
| 260 ## - PUBLICATION, DISTRIBUTION, ETC. (IMPRINT) | |
| Place of publication, distribution, etc. | U.S.A. : |
| Name of publisher, distributor, etc. | Peguin Books, |
| Date of publication, distribution, etc. | ©2019. |
| 300 ## - PHYSICAL DESCRIPTION | |
| Extent | 215 pages ; |
| Dimensions | 21 cm. |
| 500 ## - GENERAL NOTE | |
| General note | Includes appendix.<br/> |
| 650 ## - SUBJECT ADDED ENTRY--TOPICAL TERM | |
| Topical term or geographic name as entry element | Interpersonal relations |
| Form subdivision | Fiction. |
| 9 (RLIN) | 46480 |
| 650 ## - SUBJECT ADDED ENTRY--TOPICAL TERM | |
| Topical term or geographic name as entry element | Self-perception |
| Form subdivision | Fiction. |
| 9 (RLIN) | 46481 |
| 942 ## - ADDED ENTRY ELEMENTS (KOHA) | |
| Source of classification or shelving scheme | Dewey Decimal Classification |
| Koha item type | Fiction |
| Withdrawn status | Lost status | Source of classification or shelving scheme | Damaged status | Not for loan | Collection code | Home library | Current library | Shelving location | Date acquired | Source of acquisition | Cost, normal purchase price | Total Checkouts | Full call number | Barcode | Date last seen | Date last checked out | Price effective from | Koha item type |
|---|---|---|---|---|---|---|---|---|---|---|---|---|---|---|---|---|---|---|
| Dewey Decimal Classification | Fiction | UM Digos College - LIC | UM Digos College - LIC | Book Cart | 08/16/2022 | Purchased | 6170.00 | 10 | DFic G820 2019 | 27208 | 04/16/2026 | 04/13/2026 | 10/21/2022 | Fiction |
